| Tag |
First Indicator |
Second Indicator |
Subfields |
| LEADER |
00000cam a2200000 i 4500 |
| 001 |
in00000324607 |
| 005 |
20151010161321.0 |
| 008 |
771116s1978 mdua b 00110 eng |
| 010 |
|
|
|a 77025180
|
| 020 |
|
|
|a 083911205X
|
| 035 |
|
|
|a (OCoLC)03481427
|
| 035 |
|
|
|9 ABJ5395AM
|
| 040 |
|
|
|a DLC
|c DLC
|d CLU
|d TXA
|d UtOrBLW
|
| 049 |
|
|
|a TXAM
|c [1495439]
|
| 050 |
0 |
0 |
|a BF637.B4
|b K42
|
| 060 |
|
0 |
|a WM 11.1 K23h 1978
|
| 082 |
0 |
|
|a 153.8/5
|
| 100 |
1 |
|
|a Kazdin, Alan E.
|
| 245 |
1 |
0 |
|a History of behavior modification :
|b experimental foundations of contemporary research /
|c by Alan E. Kazdin.
|
| 264 |
|
1 |
|a Baltimore :
|b University Park Press,
|c [1978]
|
| 264 |
|
4 |
|c ©1978
|
| 300 |
|
|
|a xi, 468 pages :
|b illustrations ;
|c 24 cm.
|
| 336 |
|
|
|a text
|b txt
|2 rdacontent
|
| 337 |
|
|
|a unmediated
|b n
|2 rdamedia
|
| 338 |
|
|
|a volume
|b nc
|2 rdacarrier
|
| 500 |
|
|
|a Includes indexes.
|
| 504 |
|
|
|a Bibliography: P. 385-445.
|
| 650 |
|
0 |
|a Behavior modification
|x History.
|
| 650 |
|
0 |
|a Psychology, Experimental
|x History.
|
| 650 |
|
0 |
|a Psychophysiology
|x History.
|
| 650 |
|
2 |
|a Behavior Therapy
|x history.
|
| 999 |
|
|
|a MARS
|
| 999 |
f |
f |
|s 3eca3874-7af8-30be-9c3d-5cc761761665
|i c0b0db18-7f38-3876-bef4-788762196178
|t 0
|
| 952 |
f |
f |
|p ric
|a Texas A&M University
|b Rellis Campus
|c Joint Library Facility
|d Remote Storage
|t 0
|e BF637.B4 K42
|h Library of Congress classification
|i unmediated -- volume
|m A14801687234
|
| 998 |
f |
f |
|a BF637.B4 K42
|t 0
|l Remote Storage
|